Fundamentos de química / Ralph A. Burns (Registro nro. 16303)

Detalles MARC
000 -LÍDER
fixed length control field 00412nam a2200157 4500
008 - ELEMENTOS DE LONGITUD FIJA -- INFORMACIÓN GENERAL
fixed length control field 0 2003 0at 000 0MEX
020 ## - NÚMERO INTERNACIONAL NORMALIZADO PARA LIBROS
ISBN 970-26-0281-5
050 ## - SIGNATURA TOPOGRAFICA DE LA BIBLIOTECA DEL CONGRESO (LC)
Número de Clasificación QD33.2 B87 2003
082 ## - NUMERO DE CLASIFICACION DECIMAL DEWEY
Número de Clasificación 540 B968f
100 ## - ASIENTO PRINCIPAL--NOMBRE PERSONAL
Nombre personal Burns, Ralph A.
245 ## - TÍTULO
Título Fundamentos de química / Ralph A. Burns
250 ## - MENCIÓN DE EDICIÓN
Mención de edición 4
260 ## - PUBLICACIÓN, DISTRIBUCIÓN, ETC. (PIE DE IMPRENTA)
Lugar de publicación, distribución, etc. México : Pearson Educación
300 ## - DESCRIPCIÓN FÍSICA
Extensión 784 p. / 25 cm.
650 ## - ASIENTO SECUNDARIO DE MATERIA - TERMINO TEMÁTICO
Término temático o nombre geográfico como elemento de entrada 1.QUIMICA
Existencias
No. biblioteca No. biblioteca Número de clasificación Código de barras/Número de adquisición Número de copia Tipo de material
LUIS G. INCLAN LUIS G. INCLAN 540 B968f 42735 1 Libros
LUIS G. INCLAN LUIS G. INCLAN 540 B968f 42736 2 Libros
LUIS G. INCLAN LUIS G. INCLAN 540 B968f 42737 3 Libros
Calzada Tecnológico # 27, Zacatepec, Morelos.
01(734) 343-07-23 / 343-21-10 / 343-21-11
Apdo. Postal 45 C.P 62780